00448nam a2200157Ia 450000500170000000800410001708200130005810000160007124500120008726000400009930000130013965000180015294200060017095200990017699900150027520250317134456.0240331s9999 xx 000 0 und d bKANa894 aKantharvan, 0aSasanam aShivagangaibAnnam ( Pvt) Ltdc1991 a106 p ., aShort Stories cL 001040708LaWERCLbWERCLcSSCd2024-03-31l0o 894.811 KANp1559r2024-03-31w2024-03-31yL c3842d3842